000
00295nam a22001337a 4500
008
181107b xxu||||| |||| 00| 0 eng d
020
_a
0442208278
041
_a
eng
080
_a
101
100
_a
23
101
_a
FIL
245
_a
Introduction To Philosphy
_c
Blocker.H
942
_2
udc
_c
BK
999
_c
52197
_d
52197